000
00299nam a2200133Ia 4500
100
_a
Mahahar Lotia
490
_v
1
942
_c
BK
654
_a
circuits
245
_a
Modern portable circuits with Remote control
260
_b
BPB
_a
New Delhi
_c
2001
082
_a
621.388
_b
MAH
546
_a
ENGLISH
999
_c
21773
_d
21773